000 00823nam a2200241Ia 4500
001 17007
003 GE_BSU
008 181216s||||||||xx |||||||||||||| ||und||
040 _cGE_BSU
080 _a821.353.1.09
100 _aბერულავა, ხუტა
245 _aმშობლიური სახელები
245 _bწერილები
260 _aთბილისი
260 _bგანათლება
260 _c1984
300 _a527გვ. ; 21სმ.
653 _aმშობლიური სახელები
653 _aქართველი მწერლები
653 _aქართული ლიტერატურის ისტორია და კრიტიკა;
653 _aწერილები
942 _cBK
999 _c50069
_d50069